000 00641cab a2200241 4500
001 WB3423-32
008 090401t1998 xxu||||| |||| 00| 0 eng d
035 _a(Sirsi) u86887
041 _aeng
245 _aSocial housing needs
260 _c1998
350 _a0
490 _aFinancial Times
_v17 June 1998, 12(2)
520 _aDiscusses how the government is tackling the shortage of social housing.
650 _aAffordable housing
_96215
650 _aGOVERNMENT POLICY
650 _aHOMELESSNESS
650 _aHOUSEHOLD PROJECTIONS
650 _aSOCIAL HOUSING
690 _aHOUSING
942 _n0
948 _c18/06/1998
999 _c54711
_d54711